00617nam a2200193Ia 4500008004100000020001500041020001800056040001800074041000800092100004000100245006400140260006700204300001800271490003100289504003300320650002100353650002100374650002800395130821s1994 ck gr spa  a9589176712 a9789589176719 aCo-BoUCMbspa aspa aHerrera Jaramillo, Francisco José aFilosofía del derechocFrancisco José Herrera Jaramillo aBogotá (Cundinamarca, Colombia)bUniversidad Javerianac1994 a231 páginas aColección Profesoresv14 aIncluye glosario e índice.04aDerechos civiles04aDerechos humanos04aFilosofía del derecho